Soziale Standards in globalen Lieferketten : Internationale Richtlinien, unternehmerische Verantwortung und die Stimme der Beschäftigten.

Bibliographic Details
Main Author: Haipeter, Thomas.
Other Authors: Helfen, Markus., Kirsch, Anja., Rosenbohm, Sophie.
Format: eBook
Language:German
Published: Bielefeld : transcript, 2023.
Edition:1st ed.
Series:Forschung aus der Hans-Böckler-Stiftung
Subjects:
Online Access:Click to View
LEADER 01707nam a22004093i 4500
001 EBC7247336
003 MiAaPQ
005 20231204023229.0
006 m o d |
007 cr cnu||||||||
008 231204s2023 xx o ||||0 ger d
020 |a 9783839467701  |q (electronic bk.) 
020 |z 9783837667707 
035 |a (MiAaPQ)EBC7247336 
035 |a (Au-PeEL)EBL7247336 
035 |a (OCoLC)1380734699 
040 |a MiAaPQ  |b eng  |e rda  |e pn  |c MiAaPQ  |d MiAaPQ 
100 1 |a Haipeter, Thomas. 
245 1 0 |a Soziale Standards in globalen Lieferketten :  |b Internationale Richtlinien, unternehmerische Verantwortung und die Stimme der Beschäftigten. 
250 |a 1st ed. 
264 1 |a Bielefeld :  |b transcript,  |c 2023. 
264 4 |c {copy}2023. 
300 |a 1 online resource (163 pages) 
336 |a text  |b txt  |2 rdacontent 
337 |a computer  |b c  |2 rdamedia 
338 |a online resource  |b cr  |2 rdacarrier 
490 1 |a Forschung aus der Hans-Böckler-Stiftung 
588 |a Description based on publisher supplied metadata and other sources. 
590 |a Electronic reproduction. Ann Arbor, Michigan : ProQuest Ebook Central, 2023. Available via World Wide Web. Access may be limited to ProQuest Ebook Central affiliated libraries.  
655 4 |a Electronic books. 
700 1 |a Helfen, Markus. 
700 1 |a Kirsch, Anja. 
700 1 |a Rosenbohm, Sophie. 
776 0 8 |i Print version:  |a Haipeter, Thomas  |t Soziale Standards in globalen Lieferketten  |d Bielefeld : transcript,c2023  |z 9783837667707 
797 2 |a ProQuest (Firm) 
830 0 |a Forschung aus der Hans-Böckler-Stiftung 
856 4 0 |u https://ebookcentral.proquest.com/lib/matrademy/detail.action?docID=7247336  |z Click to View